000 00306nam a2200121Ia 4500
008 190216s9999||||xx |||||||||||||| ||und||
100 _aKulkarni P V
245 0 _aCorporation Finance Principles And Problems
260 _bShivlal Agarwala & Com
_c1987
300 _a1518p
650 _aCommerce
942 _cBK
999 _c5386
_d5386